000 00258nam a2200097Ia 4500
001 650190
005 20250826154354.0
008 250824s9999 xx 000 0 und d
245 0 _aDOĞU YAKASI ANTİK YENİ
_cJACK LONDON
260 _bANTİK DÜNYA KLASİKLERİ
999 _c650190
_d650190